Nhật ngữ căn bản 1

Na minha lista:
Detalhes bibliográficos
Formato: Livro
Publicado em: 2003
Tags: Adicionar Tag
Sem tags, seja o primeiro a adicionar uma tag!
Thư viện lưu trữ: Mạng thư viện Đại học Đà Nẵng
LEADER 00442nam a22001811a 4500
001 000038640
003 14935
005 20160412021429.0
008 160412s2003 000
082 |a 4N(07)141-43 
245 |a Nhật ngữ căn bản 1  |c Trần Việt Thanh 
260 |c 2003 
OWN |a LNN 
999 |a From the UDN01 
TYP |a Monograph 
980 |a Mạng thư viện Đại học Đà Nẵng